| 000 | 00539nam a22001937a 4500 | ||
|---|---|---|---|
| 003 | MPLRDC | ||
| 005 | 20220104123801.0 | ||
| 008 | 210129b ||||| |||| 00| 0 eng d | ||
| 020 | _a957-9093-37-7 | ||
| 082 | _a876.57 ZL-2 | ||
| 100 | _aEMILE ZOLA.左拉 | ||
| 245 |
_a人面兽心 _c张继双、蒋阿华 译 |
||
| 250 | _a初版二刷 | ||
| 260 |
_a台湾 _b林郁文化事业有限公司 _c1996 |
||
| 300 | _b365 | ||
| 490 | _a新译.世界文学名著: 19 | ||
| 650 | _a法国文学--长篇小说 | ||
| 942 |
_cBK _o876.57 ZL-2 |
||
| 999 |
_c14163 _d14153 |
||